00410 2200169 4500245004500000020001800045250001000063100001800073700001700091650002500108005001900133260003300152041001400185084001100199300002100210336000900231 aSemua Ada ProsesnyacRendy AriantohText a9780000000002 aCet.1 aRendy Arianto aSyamsul Ulum aReligi dan Spiritual a20241015124122 aYogyakartabRanah Bukuc2022 aIndonesia a155.25 a110 hlm :c20 cm atext